Dīwān. (Record no. 44996)

MARC details
000 -LEADER
fixed length control field 00511cam a22002051 4500
001 - CONTROL NUMBER
control field ne 62000128
003 - CONTROL NUMBER IDENTIFIER
control field DLC
005 - DATE AND TIME OF LATEST TRANSACTION
control field 20260227111734.0
008 - FIXED-LENGTH DATA ELEMENTS--GENERAL INFORMATION
fixed length control field 881028s1946 xx 000 0 ara
010 ## - LIBRARY OF CONGRESS CONTROL NUMBER
LC control number ne 62000128
035 ## - SYSTEM CONTROL NUMBER
System control number (OCoLC)23485229
040 ## - CATALOGING SOURCE
Original cataloging agency DLC
Transcribing agency MiU
Modifying agency DLC
042 ## - AUTHENTICATION CODE
Authentication code premarc
050 00 - LIBRARY OF CONGRESS CALL NUMBER
Classification number PJ7745.I17
Item number A17 1946
100 2# - MAIN ENTRY--PERSONAL NAME
Personal name Ibn Durayd, Muḥammad ibn al-Ḥasan,
Dates associated with a name 837 or 838-933.
245 10 - TITLE STATEMENT
Title Dīwān.
260 ## - PUBLICATION, DISTRIBUTION, ETC.
Date of publication, distribution, etc. [1946]
300 ## - PHYSICAL DESCRIPTION
Extent 4, 143 p.
Dimensions 25 cm.
500 ## - GENERAL NOTE
General note Romanized.

No items available.

Powered by Koha